ბათუმის შოთა რუსთაველის სახელმწიფო უნივერსიტეტის ბიბლიოთეკა

ესთეტიკა = Эстетика / (ბიბ.ჩანაწერი № 51510)

000 -ლიდერი
ფიქსირებული სიგრძის საკონტროლო ველი 01478nam a2200253Ia 4500
001 - საკონტროლო ნომერი
საკონტროლო ველი 18499
003 - საკონტროლო ნომრის იდენტიფიკატორი
საკონტროლო ველი GE_BSU
005 - ბოლო ოპერაციის თარიღი და დრო
საკონტროლო ველი 20210511210400.0
008 - ფიქსირებული სიგრძის მონაცემთა ელემენტები - ზოგადი ინფორმაცია
ფიქსირებული სიგრძის საკონტროლო ველი 181216s2015||||ge |||||||||||||| || ||
020 ## - წიგნის საერთაშორისო სტანდარტული ნომერი
International Standard Book Number 9789941940224
040 ## - კატალოგიზაციის წყარო
Transcribing agency GE_BSU
041 ## - ენის კოდი
Language code of text/sound track or separate title geo
080 ## - უნივერსალური ათობითი კლასიფიკაციის ინდექსი
Universal Decimal Classification number 7.01(075.8) ნ-62
100 ## - მთავარი ჩანაწერი - პიროვნების სახელი
Personal name ნიკიტიჩ, ლ. ა.
9 (RLIN) 11772
245 ## - ცნობა სათაურის შესახებ
Title ესთეტიკა = Эстетика /
Statement of responsibility, etc ლ.ა. ნიკიტიჩ ; ნ. ერიაშვილის რედაქტორობით.
264 ## - წარმოების, გამოცემის, დისტრიბუციის და სხვა ცნობები
გამოცემის, წარმოების, დისტრიბუციის... ადგილი თბილისი :
გამოცემის, წარმოების, დისტრიბუციის... სახელწოდება სამართლიანი საქართველო,
გამოცემის, წარმოების, დისტრიბუციის... თარიღი 2015.
300 ## - ფიზიკური აღწერა
Extent 249 გვ. ;
Dimensions 20 სმ.
500 ## - ზოგადი შენიშვნა
General note სახელმძღვანელოში განხილულია ესთეტიკის საგანი, შესწავლის მეთოდები და ფუნქციები. მასში დაწვრილებითაა განხილული ესთეტიკის კატეგორიები, შემოქმედებითი პროცესის თავისებურებები, ხელოვნების სახეები და სტილები.
653 ## - INDEX TERM--UNCONTROLLED
Uncontrolled term ესთეტიკა = Эстетика
653 ## - INDEX TERM--UNCONTROLLED
Uncontrolled term ხელოვნება
700 ## - ADDED ENTRY--PERSONAL NAME
Personal name ერიაშვილი, ნ.
Relator term რედაქტორი
9 (RLIN) 3261
942 ## - ADDED ENTRY ELEMENTS (KOHA)
Koha item type წიგნი
Source of classification or shelving scheme
ეგზემპლარები
ჩამოწერის სტატუსი დაკარგული ეგზემპლარის სტატუსი კლასიფიკაციის წყარო ან თაროზე გაწყობის სქემა დაზიანების სტატუსი არ გაიცემა მუდმივი მდებარეობა (დაცვის ადგილი) ამჟამინდელი ადგილსამყოფელი თაროზე განთავსების ადგილი შეძენის თარიღი ღირებულება, შესყიდვის ნორმალური ფასი სრული შენახვის შიფრი შტრიხკოდი ბოლო ოპერაციის თარიღი ეგზემპლარის მიმდევრობითი ნომერი (კეტერი?) ფასის ძალაში შესვლის თარიღი ეგზემპლარის სახეობა საჯარო შენიშვნა
          ბათუმის შოთა რუსთაველის სახელმწიფო უნივერსიტეტის მთავარი ბიბლიოთეკა ბათუმის შოთა რუსთაველის სახელმწიფო უნივერსიტეტის მთავარი ბიბლიოთეკა წიგნსაცავი 2018-12-17 23.25 7.01(075.8) ნ-62 47547 2018-12-17 47547 2018-12-17 წიგნი 23.25 ლ.
          ბათუმის შოთა რუსთაველის სახელმწიფო უნივერსიტეტის მთავარი ბიბლიოთეკა ბათუმის შოთა რუსთაველის სახელმწიფო უნივერსიტეტის მთავარი ბიბლიოთეკა წიგნსაცავი 2018-12-17 23.25 7.01(075.8) ნ-62 47548 2018-12-17 47548 2018-12-17 წიგნი 23.25 ლ.
          ბათუმის შოთა რუსთაველის სახელმწიფო უნივერსიტეტის მთავარი ბიბლიოთეკა ბათუმის შოთა რუსთაველის სახელმწიფო უნივერსიტეტის მთავარი ბიბლიოთეკა წიგნსაცავი 2018-12-17 23.25 7.01(075.8) ნ-62 47549 2018-12-17 47549 2018-12-17 წიგნი 23.25 ლ.
          ბათუმის შოთა რუსთაველის სახელმწიფო უნივერსიტეტის მთავარი ბიბლიოთეკა ბათუმის შოთა რუსთაველის სახელმწიფო უნივერსიტეტის მთავარი ბიბლიოთეკა წიგნსაცავი 2018-12-17 23.25 7.01(075.8) ნ-62 47550 2018-12-17 47550 2018-12-17 წიგნი 23.25 ლ.
          ბათუმის შოთა რუსთაველის სახელმწიფო უნივერსიტეტის მთავარი ბიბლიოთეკა ბათუმის შოთა რუსთაველის სახელმწიფო უნივერსიტეტის მთავარი ბიბლიოთეკა წიგნსაცავი 2018-12-17 23.25 7.01(075.8) ნ-62 47551 2018-12-17 47551 2018-12-17 წიგნი 23.25 ლ.
          ბათუმის შოთა რუსთაველის სახელმწიფო უნივერსიტეტის მთავარი ბიბლიოთეკა ბათუმის შოთა რუსთაველის სახელმწიფო უნივერსიტეტის მთავარი ბიბლიოთეკა წიგნსაცავი 2018-12-17   7.01(075.8) ნ-62 25480-22ლ.50თ. 2018-12-17 25480 2018-12-17 წიგნი  
          ბათუმის შოთა რუსთაველის სახელმწიფო უნივერსიტეტის მთავარი ბიბლიოთეკა ბათუმის შოთა რუსთაველის სახელმწიფო უნივერსიტეტის მთავარი ბიბლიოთეკა წიგნსაცავი 2018-12-17 22.50 7.01(075.8) ნ-62 54281 2018-12-17 54281 2018-12-17 წიგნი 22.50 ლ.